Garispanduan penilaian kesan kepada alam sekeliling bagi pembangunan padang golf

Bibliographic Details
Corporate Author: MALAYSIA
Format: Book
Published: Kuala Lumpur : Jabatan Alam Sekitar , 1994
Subjects:

MARC

LEADER 00000cam a2200000 7i4500
001 0000001720
005 20040205.0
020 0 0 |a 9839119192 
090 0 0 |a 363.709595   |b MAL 1994 
110 1 0 |a MALAYSIA   |c Jabatan Alam Sekitar 
245 1 0 |a Garispanduan penilaian kesan kepada alam sekeliling bagi pembangunan padang golf   |c disediakan oleh Biro Rundingan dan Kembangan, Universiti Kebangsaan Malaysia 
260 0 0 |a Kuala Lumpur :   |b Jabatan Alam Sekitar ,   |c 1994 
300 |a v, [70] p. :   |b ill. ;   |c 30 cm. 
650 0 0 |a Environment policy   |z Malaysia 
650 0 0 |a Environment protection   |z Malaysia 
650 0 0 |a Environmental impact analysis   |z Malaysia 
650 0 0 |a Environmental monitoring   |z Malaysia 
998 |a JPSM 
999 |a 0000002806   |b Monograph   |c Open Shelf   |e Default branch